[Event "POL-chT4 Kujawsko-Pomorskie 1617"]
[Site "Poland"]
[Date "2016.11.20"]
[Round "4"]
[White "Tanski, Jakub"]
[Black "Jahr, Ulrich1111"]
[Result "0-1"]
[WhiteElo "1028"]
[BlackElo "1577"]
[PlyCount "52"]
[EventDate "2016.11.06"]
[EventType "team-tourn"]
[EventRounds "11"]
[EventCountry "POL"]
[SourceTitle "EXT 2019"]
[Source "ChessBase"]
[SourceDate "2018.10.10"]
[SourceVersion "1"]
[SourceVersionDate "2018.10.10"]
[SourceQuality "1"]

1. e4 Nf6 2. Nc3 d5 3. exd5 Nxd5 4. Nxd5 Qxd5 5. d4 e5 6. dxe5 Qxe5+ 7. Qe2 Bd6 8. Nf3 Qxe2+ 9. Bxe2 Nc6 10. Be3 Bf5 11. c3 0-0 12. 0-0 a6 13. Nd4 Nxd4 14. Bxd4 c5 15. Be3 Rad8 16. Rad1 Be4 17. Bd3 Bxd3 18. Rxd3 Bxh2+ 19. Kxh2 Rxd3 20. Bxc5 Re8 21. Kg1 Re2 22. Ba3 f5 23. g3 g5 24. Kg2 g4 25. Kg1 Rdd2 26. Kg2 Kf7 0-1